header

Gulf War and health (Record no. 58088)

MARC details
000 -LEADER
fixed length control field 01593nam a22003494a 4500
082 04 - DEWEY DECIMAL CLASSIFICATION NUMBER
Classification number 956.7044/27
245 00 - TITLE STATEMENT
Title Gulf War and health
260 ## - PUBLICATION, DISTRIBUTION, ETC. (IMPRINT)
Place of publication Washington, D.C. :
Name of publisher National Academy Press,
Year of publication c2000.
300 ## - PHYSICAL DESCRIPTION
Number of Pages v. <1 >.
505 1# - FORMATTED CONTENTS NOTE
Formatted contents note v. 1. Depleted uranium, pyridostigmine bromide, sarin, vaccines
650 #0 - SUBJECT ADDED ENTRY--TOPICAL TERM
Topical Term Persian Gulf War, 1991
Topical Term Persian Gulf War, 1991
Topical Term Persian Gulf syndrome
700 1# - ADDED ENTRY--PERSONAL NAME
Personal name Fulco, Carolyn.
Personal name Liverman, Catharyn T.
Personal name Sox, Harold C.
856 40 - ELECTRONIC LOCATION AND ACCESS
Uniform Resource Identifier http://site.ebrary.com/lib/rucke/Doc?id=10038797

No items available.

© 2026 Rongo University
Contact us: librarian | system librarian | Rongo university